INFORME FINAL DEL EJERCICIO PROFESIONAL SUPERVISADO REALIZADO EN LA EMPRESA DISTRIBUIDORA AGRÍCOLA COMERCIAL, SOCIEDAD ANÓNIMA, CON LA REINGENIERÍA DE SOFTWARE COMO SOPORTE EN LA REESTRUCTURACIÓN DE LA CADENA DE VALOR/ (Registro nro. 2213)
[ vista simple ]
| 000 -LEADER | |
|---|---|
| campo de control de longitud fija | 04292nam a22003137a 4500 |
| 001 - NÚMERO DE CONTROL | |
| campo de control | TICS 005 |
| 003 - IDENTIFICADOR DE NÚMERO DE CONTROL | |
| campo de control | gtcocun |
| 005 - FECHA Y HORA DE LA ÚLTIMA TRANSACCIÓN | |
| campo de control | 20251003154008.0 |
| 006 - CÓDIGOS DE INFORMACIÓN DE LONGITUD FIJA--CARACTERÍSTICAS DEL MATERIAL ADICIONAL | |
| campo de control de longitud fija | a||||gr|||| 00| 0 |
| 008 - DATOS DE LONGITUD FIJA--INFORMACIÓN GENERAL | |
| campo de control de longitud fija | 251003b2024 gt ||||| m||| 00| 0 eng d |
| 040 ## - FUENTE DE CATALOGACIÓN | |
| Centro catalogador/agencia de origen | gtcocun |
| Lengua de catalogación | SPA |
| Centro/agencia transcriptor | gtcocun |
| Normas de descripción | RDA |
| 041 ## - CÓDIGO DE IDIOMA | |
| Código de lengua del texto/banda sonora o título independiente | SPA TICS 005 |
| 084 ## - OTRO NÚMERO DE CLASIFICACIÓN | |
| Número de control del registro de autoridad o número normalizado | TICS 005 |
| 100 ## - ENTRADA PRINCIPAL--NOMBRE DE PERSONA | |
| Nombre de persona | García Ulloa, Edilio Rubén |
| Término indicativo de función/relación | Autor |
| 245 ## - MENCIÓN DEL TÍTULO | |
| Título | INFORME FINAL DEL EJERCICIO PROFESIONAL SUPERVISADO REALIZADO EN LA EMPRESA DISTRIBUIDORA AGRÍCOLA COMERCIAL, SOCIEDAD ANÓNIMA, CON LA REINGENIERÍA DE SOFTWARE COMO SOPORTE EN LA REESTRUCTURACIÓN DE LA CADENA DE VALOR/ |
| Mención de responsabilidad, etc. | Edilio Rubén García Ulloa. |
| Medio | Impreso |
| 264 ## - PRODUCCIÓN, PUBLICACIÓN, DISTRIBUCIÓN, FABRICACIÓN Y COPYRIGHT | |
| Producción, publicación, distribución, fabricación y copyright | Cobán, Alta Verapaz: |
| Nombre del de productor, editor, distribuidor, fabricante | Universidad de San Carlos de Guatemala, Centro Universitario del Norte, Carrera Ingeniería en Ciencias y Sistemas |
| Fecha de producción, publicación, distribución, fabricación o copyright | 2024 |
| 300 ## - DESCRIPCIÓN FÍSICA | |
| Extensión | 101 p.: |
| Otras características físicas | Ilustraciones, gráficas. |
| Dimensiones | 28 cm; |
| 336 ## - TIPO DE CONTENIDO | |
| Fuente | rdacontenido |
| Término de tipo de contenido | Texto |
| Código de tipo de contenido | txt |
| 337 ## - TIPO DE MEDIO | |
| Fuente | rdamedio |
| Nombre/término del tipo de medio | Computadora |
| Código del tipo de medio | n |
| 338 ## - TIPO DE SOPORTE | |
| Fuente | rdasoporte |
| Nombre/término del tipo de soporte | Código en línea |
| Código del tipo de soporte | cr |
| 502 ## - NOTA DE TESIS | |
| identificador de la tesis | TICS 005 |
| 502 ## - NOTA DE TESIS | |
| Nota de tesis | Tesis de grado |
| Tipo de título | Carrera Ingeniería en Ciencias y Sistemas, |
| Nombre de la institución que otorga el título | Universidad de San Carlos de Guatemala, Centro Universitario del Norte, Carrera Ingeniería en Ciencias y Sistemas |
| Año de obtención del título | 2024 |
| Identificador de la tesis | TICS 005 |
| 520 14 - RESUMEN, ETC. | |
| Sumario, etc. | Se presenta el siguiente informe final sobre el Ejercicio de Profesional Supervisado, como finalización del Proceso de Reingeniería realizado en la empresa Distribuidora Agrícola Comercial Sociedad Anónima, con el fin aplicar los conocimientos adquiridos durante el proceso de formación, en la carrera de Ingeniería en Ciencias y Sistemas, con diplomado en Administración de Empresas.<br/><br/>La organización donde se desarrolló el presente informe se dedica a la comercialización y distribución al por mayor de productos veterinarios y para la agricultura en las regiones Norte, Nor-Oriente, Occidente y Petén del país; actualmente ésta se encuentra en un proceso de transformación digital, en un entorno económico variado, que a medida que las tecnologías y las necesidades evolucionan; éstas generan un cambio de cultura corporativa en su modelo organizativo, métodos y procesos que con el aprovechamiento de las tecnologías de información y comunicación, le permiten competir y desenvolver de forma segura, eficiente y transparente, la labor tan prestigiosa que han venido desempeñado desde hace más de 25 años.<br/><br/>Al ser la reingeniería una excelente palanca estratégica para el inicio de un proceso de transformación digital, se parte de ésta como objetivo principal, al desarrollarla de forma ascendente en la cadena de valor de la organización, inicialmente con la ejecución de un análisis completo, que con el aprovechamiento de las metodologías ágiles y las buenas prácticas, sobre los procesos actuales que la integran, tanto primarios como de soporte, permitió rediseñarlos en nuevos modelos que los optimicen y que con el apoyo de implementaciones de componentes de software y de hardware ya existentes y creados tanto en tecnologías de desarrollo tipo low-cod, como tradicionales, se logró un impacto en los resultados, así como en el trabajo colaborativo y la centralización de la información para<br/><br/>xi<br/> <br/>la toma de decisiones, esto al verse reflejado en un aumento de la productividad y el rendimiento de la empresa.<br/><br/>Así también se alcanzó un beneficio final, y no menos importante, crear los pilares de flexibilidad, transparencia y crecimiento de la información, el cual partió como detonante inicial de este cambio de paradigma institucional, poder contar con información actualizada y servicios de calidad, para sus propios clientes como sus proveedores, que al ser considerados estos como un activo más de la empresa, les permita hacer uso de estos, sin tener que conocer necesariamente todos los detalles, más que lo que se desea transmitirles. |
| 650 ## - PUNTO DE ACCESO ADICIONAL DE MATERIA--TÉRMINO DE MATERIA | |
| Fuente del encabezamiento o término | LEMB |
| Término de materia o nombre geográfico como elemento de entrada | Cobán, Alta Verapaz |
| Subdivisión general | Ingeniería en Ciencias y Sistemas |
| -- | Reingeniería |
| -- | Tecnología |
| -- | Información |
| -- | Procesos |
| -- | Digitalización |
| -- | Software |
| 700 ## - ENTRADA AGREGADA--NOMBRE PERSONAL | |
| Nombre de persona | Ing. Luis Jacobo Rodas Morales |
| Término indicativo de función/relación | Asesor |
| 856 ## - LOCALIZACIÓN Y ACCESO ELECTRÓNICOS | |
| Identificador Uniforme de Recurso | <a href="https://drive.google.com/file/d/13JSV66HraLb071HZ-1NBpHSnVeglGaMx/view">https://drive.google.com/file/d/13JSV66HraLb071HZ-1NBpHSnVeglGaMx/view</a> |
| Texto de enlace | |
| Nota pública | Un ejemplar en línea. |
| 942 ## - ELEMENTOS DE ENTRADA SECUNDARIOS (KOHA) | |
| Fuente de la clasificación o esquema de estantería | Clasificación Decimal Dewey |
| Tipo de ítem Koha | TESIS |
| Parte de la signatura que identifica el ejemplar (Parte del ítem) | TICS 005 |
| Prefijo de la signatura | Clasificación |
| Suprimir en OPAC | No |
| -- | TICS_005_000000000000000 |
| Estatus retirado | Estado de pérdida | Fuente de la clasificación o esquema de estantería | Estado de daño | No para préstamo | Colección | Biblioteca de origen | Biblioteca actual | Ubicación en estantería | Fecha de adquisición | Número de inventario | Total de préstamos | Signatura topográfica completa | Código de barras | Visto por última vez | Precio de reemplazo | Tipo de ítem Koha |
|---|---|---|---|---|---|---|---|---|---|---|---|---|---|---|---|---|
| Clasificación Decimal Dewey | tesis | BIBLIOTECA- CUNOR -JOSÉ LUIS GONZALES ROSALES | BIBLIOTECA- CUNOR -JOSÉ LUIS GONZALES ROSALES | Colección tesis | 03/10/2025 | TICS 005 | TICS 005 | TICS 005 | 03/10/2025 | 03/10/2025 | TESIS |